Statistiques concernant Pays d'Afrique en ...

Cliquez ici pour prendre le quiz!

Statistiques générales

  • Ce quiz a été pris 366 fois
  • Le résultat moyen est 15 sur 15

Statistiques - réponses

HintRéponse% Correct
Pays d'Afrique en AAfrique du Sud | Algérie | Angola
100%
Pays d'Afrique en MMadagascar | Malawi | Mali | Maroc | Mauritanie | Mozambique | Maurice
100%
Pays d'Afrique en RRwanda | République Centrafricaine | République Démocratique du Congo | République du Congo
99%
Pays d'Afrique en TTanzanie | Tchad | Togo | Tunisie
99%
Pays d'Afrique en BBotswana | Burkina Faso | Burundi | Bénin
98%
Pays d'Afrique en EÉgypte | Érythrée | Eswatini | Éthiopie
98%
Pays d'Afrique en GGabon | Gambie | Ghana | Guinée | Guinée-Bissau | Guinée Équatoriale
98%
Pays d'Afrique en NNamibie | Niger | Nigeria
98%
Pays d'Afrique en SSao Tomé-et-Principe | Seychelles | Sierra Leone | Somalie | Soudan | Soudan du Sud | Sénégal
98%
Pays d'Afrique en ZZambie | Zimbabwe
98%
Pays d'Afrique en CCameroun | Cap-Vert | Comores | Côte d'Ivoire
97%
Pays d'Afrique en LLesotho | Liberia | Libye
96%
Pays d'Afrique en OOuganda
95%
Pays d'Afrique en KKenya
91%
Pays d'Afrique en DDjibouti
88%

Distribution des résultats

Percentile par nombre de réponses

% des personnes avec chaque résultat

Votre développement - résultats

Vous n’avez pas pris ce quiz